Valentine and Orson / (Record no. 20192)
[ view plain ]
| 000 -LEADER | |
|---|---|
| fixed length control field | 01444nam a2200301 a 4500 |
| 001 - CONTROL NUMBER | |
| control field | 20192 |
| 003 - CONTROL NUMBER IDENTIFIER | |
| rucl marc code | BD-RjUL |
| 005 - DATE AND TIME OF LATEST TRANSACTION | |
| control field | 20211209000531.0 |
| 008 - FIXED-LENGTH DATA ELEMENTS--GENERAL INFORMATION | |
| fixed length control field | 880808s1937 enkh 000 0 enm |
| 035 ## - SYSTEM CONTROL NUMBER | |
| System control number | 38-03809 |
| System control number | (OCoLC)4230864 |
| -- | (BD-RjUL)20254 |
| 040 ## - CATALOGING SOURCE | |
| Original cataloging agency | DLC |
| Transcribing agency | XAV |
| Modifying agency | XAV |
| -- | BD-RjUL |
| Language of cataloging | eng |
| 041 ## - LANGUAGE CODE | |
| Language code of text/sound track or separate title | eng |
| 082 04 - DEWEY DECIMAL CLASSIFICATION NUMBER | |
| Classification number | 829.8 |
| Author mark and year | VAL 1937 |
| 245 10 - TITLE STATEMENT | |
| Title | Valentine and Orson / |
| Statement of responsibility, etc. | translated from the French by Henry Watson ; edited by Arthur Dickson. |
| 260 ## - PUBLICATION, DISTRIBUTION, ETC. (IMPRINT) | |
| Place of publication, distribution, etc. | London : |
| Name of publisher, distributor, etc. | Published for the Early English text society, H. Milford, Oxford university press, |
| Date of publication, distribution, etc. | 1937. |
| 300 ## - PHYSICAL DESCRIPTION | |
| Pagination | lxiii, 375, [1] p. incl. front. (facsim.) ; |
| Size | 23 cm. |
| 490 1# - SERIES STATEMENT | |
| Series statement | Original series / Early English Text Society ; |
| Volume/sequential designation | no. 204 |
| 500 ## - GENERAL NOTE | |
| General note | Early English Text Society's list of publications, etc. (8 p.) at end. |
| General note | A translation of the French prose romance, Valentin et Orson, the original of which was written between 1475 and 1489. The [t]ext is that of the second English edition (probably printed between 1548-58) and is reprinted from a photostat (now in Columbia University Library) of the unique copy in the Huntington library. cf. Introd. |
| 650 07 - SUBJECT ADDED ENTRY--TOPICAL TERM | |
| Source of heading or term | SLSH |
| Topical term or geographic name as entry element | Carolingians -- Romances. |
| 9 (RLIN) | 62229 |
| 700 1# - ADDED ENTRY--PERSONAL NAME | |
| Personal name | Dickson, Arthur, |
| Dates associated with a name | 1889- |
| Personal name | Watson, Henry, |
| Dates associated with a name | active 1500-1518. |
| 830 #0 - SERIES ADDED ENTRY--UNIFORM TITLE | |
| Volume number/sequential designation | no. 204. |
| 830 #0 - SERIES ADDED ENTRY--UNIFORM TITLE | |
| Uniform title | Early English Text Society (Series). |
| 942 ## - ADDED ENTRY ELEMENTS (KOHA) | |
| Source of classification or shelving scheme | Dewey Decimal Classification |
| Koha item type | Books |
| Lost status | Source of classification or shelving scheme | Damaged status | Not for loan | Permanent Location | Current Location | Shelving location | Date acquired | Source of acquisition | Cost, normal purchase price | Total Checkouts | Full call number | Date last seen | Copy number | Koha item type |
|---|---|---|---|---|---|---|---|---|---|---|---|---|---|---|
| Dewey Decimal Classification | Not For Loan | Central Library, University of Rajshahi | Central Library, University of Rajshahi | Reading Room | 06/11/1956 | Black Well | 1.40 | 829.8 VAL 1937 | 27/02/2014 | C-1 | Books |